The teeny tiny woman / (Record no. 113737)
[ view plain ]
| 000 -LEADER | |
|---|---|
| fixed length control field | 00731nam a2200229 a 4500 |
| 001 - CONTROL NUMBER | |
| control field | 4006 |
| 005 - DATE AND TIME OF LATEST TRANSACTION | |
| control field | 20140414132036.0 |
| 008 - FIXED-LENGTH DATA ELEMENTS--GENERAL INFORMATION | |
| fixed length control field | 040202s19uu xx 00 eng d |
| 020 ## - INTERNATIONAL STANDARD BOOK NUMBER | |
| International Standard Book Number | 0-394-88320-9 |
| 050 ## - LIBRARY OF CONGRESS CALL NUMBER | |
| Classification number | TR |
| Item number | T22 1986 |
| 100 ## - MAIN ENTRY--PERSONAL NAME | |
| Personal name | O'Connor, Jane |
| 245 ## - TITLE STATEMENT | |
| Title | The teeny tiny woman / |
| Statement of responsibility, etc | Jane O'Connor. |
| 260 ## - PUBLICATION, DISTRIBUTION, ETC. (IMPRINT) | |
| Place of publication, distribution, etc | U.S.A : |
| Name of publisher, distributor, etc | Random House, |
| Date of publication, distribution, etc | 1986. |
| 300 ## - PHYSICAL DESCRIPTION | |
| Extent | 30 p. ; cm. |
| 440 ## - SERIES STATEMENT/ADDED ENTRY--TITLE | |
| Title | Step into reading |
| 520 ## - SUMMARY, ETC. | |
| Summary, etc | A teeny tiny woman who puts a teeny tiny bone she find in a churchyard away in a cupboard before she goes to sleep is awakened by a voice demanding the return of the bone. |
| 650 ## - SUBJECT ADDED ENTRY--TOPICAL TERM | |
| Topical term or geographic name as entry element | Ghost |
| General subdivision | Folklore. |
| 650 ## - SUBJECT ADDED ENTRY--TOPICAL TERM | |
| Topical term or geographic name as entry element | Folklore |
| General subdivision | England. |
| Withdrawn status | Lost status | Damaged status | Use restrictions | Home library | Current library | Shelving location | Date acquired | Source of acquisition | Total Checkouts | Full call number | Barcode | Date last seen | Price effective from | Koha item type |
|---|---|---|---|---|---|---|---|---|---|---|---|---|---|---|
| Munich Library | Munich Library | Teachers Reference Section | 10/10/2006 | TR T22 1986 | M5364 | 04/14/2014 | 04/14/2014 | Books | ||||||
| Munich Library | Munich Library | Teachers Reference Section | 06/04/2010 | TR T22 1986 | M5363 | 04/14/2014 | 04/14/2014 | Books | ||||||
| Munich Library | Munich Library | Teachers Reference Section | 03/21/2011 | TR T22 1986 | M5362 | 04/14/2014 | 04/14/2014 | Books |